| 000 | 00434nam a2200121 a 4500 | ||
|---|---|---|---|
| 001 | 000043842 | ||
| 005 | 20201002045011.0 | ||
| 008 | 140507s199u dr ab 000 0 spa d | ||
| 040 |
_aDO-SdBNP _bspa _cBNPHU |
||
| 245 | 0 | 0 | _aParques mineros industriales y sus recursos minerales. |
| 260 |
_aSanto Domingo, : _bSecretaría de Estado de Industria y Comercio _bDirección General de Minería, _c[199?]. |
||
| 300 |
_a73 p. : _bil., mapa ; _c28 cm. |
||
| 999 |
_c43331 _d43331 |
||